000 00360nam a2200133Ia 4500
008 221216s9999||||xx |||||||||||||| ||und||
020 _a9966-9754-0-3
040 _cChuka University Library
050 _aHF 5415
_b .04 2002
100 _aOkatch, Felix Owaga
_92007
245 0 _aMarketing Management Systems
260 _aPesisu
_bNairobi
_c2002
942 _cBK
_01
999 _c2801
_d2801